000 00305nam a22001217a 4500
008 160429b xxu||||| |||| 00| 0 eng d
020 _a9780721606279
020 _a072160627
041 _aeng
080 _a618.2
245 _aPractice of nursing research:
_cNancy Burns; Susana K. Grove;
942 _2udc
_cBK
999 _c1691
_d1691